Countries with more than two O - Statistics

General Stats
  • This quiz has been taken 42 times
  • The average score is 4 of 6
Answer Stats
Answer % Correct
Democratic Republic of the Congo 4
81%
Republic of the Congo 3
81%
Morocco 3
61%
Comoros 3
58%
Kosovo 3
56%
Solomon Islands 3
31%
No matching quizzes found
Score Distribution
Percent of People with Each Score
Percentile by Number Answered
Your Score History
You have not taken this quiz